Buttons on a keyboard Quiz Stats

 Plays Quiz not verified by Sporcle

Score 0/76 Timer 05:00
0 Plays Today
% Correct
shift
78.4%
caps lock
72.7%
tab
71.9%
f1
71.9%
f2
71.9%
f3
71.9%
f4
71.9%
f5
71.9%
f6
71.9%
f7
71.9%
f8
71.9%
f9
71.9%
ctrl
71.2%
enter
71.2%
f10
67.6%
delete
67.6%
f11
66.9%
f12
66.9%
home
64.7%
page up
62.6%
page down
62.6%
esc
61.2%
end
59.7%
insert
59%
backspace
58.3%
space bar
54%
`
52.5%
-
52.5%
down
52.5%
up
52.5%
a
52.5%
,
52.5%
.
52.5%
52.5%
right
51.8%
left
51.8%
b
48.2%
c
47.5%
% Correct
d
46.8%
1
46%
e
46%
f
46%
k
46%
s
45.3%
g
45.3%
z
45.3%
v
45.3%
n
45.3%
2
44.6%
3
44.6%
4
44.6%
5
44.6%
6
44.6%
7
44.6%
8
44.6%
t
44.6%
y
44.6%
i
44.6%
h
44.6%
x
44.6%
m
44.6%
9
43.9%
q
43.9%
r
43.9%
u
43.9%
o
43.9%
p
43.9%
j
43.9%
l
43.9%
w
43.2%
0
42.4%
=
36%
[
25.2%
]
24.5%
alt gr
18%
#
7.2%

You're not logged in!

Compare scores with friends on all Sporcle quizzes.
OR
Log In

You Might Also Like...

Show Comments

Extras

Created Jan 4, 2010ReportNominate
Tags:button, keyboard

Top Quizzes Today


Score Distribution

Your Account Isn't Verified!

In order to create a playlist on Sporcle, you need to verify the email address you used during registration. Go to your Sporcle Settings to finish the process.

Report this User

Report this user for behavior that violates our Community Guidelines.

Details: